000 01001cgm a2200301 4500
001 E2518
008 090401t1995 xxu||||| |||| 00| 0 eng d
035 _a(Sirsi) u39738
041 _aeng
050 _a333.332
100 _aWaters, Jeremy
245 4 _aThe Red Book 1996: mandatory valuation standards (sound recording)
260 _aLondon
_bRICS
_c1995
300 _a1 sound cassette (60 min.)
350 _a11.06
490 _aOwlion Audio Programme
520 _aThis programme defines the mandatory standards applicable to all valuations by all members of the RICS, ISVA, and IRRV for all purposes in all countries.
650 _aAUDIO CASSETTES
650 _aRICS APPRAISAL AND VALUATION MANUAL
650 _aVALUATION STANDARDS
650 _aValuation
_96273
690 _aRATING AND VALUATION
700 _aJohnson, Tony
710 _aRoyal Institution of Chartered Surveyors
_94900
710 _aCollege of Estate Management
_9400
942 _n0
948 _c04/03/1997
999 _c85235
_d85235